[Event "Prva liga Centralne Srbije 2010"]
[Site "Valjevo"]
[Date "2010.09.23"]
[Round "8.1"]
[White "Szabo, Gergely-Andras-Gyula"]
[Black "Dancevski, Orce"]
[Result "0-1"]
[WhiteElo "2552"]
[BlackElo "2402"]
[PlyCount "140"]
[EventDate "2010.09.18"]

1. e4 c5 2. c3 g6 3. d4 cxd4 4. cxd4 d5 5. exd5 Nf6 6. Nc3 Bg7 7. Qb3 O-O 8.
Be2 Na6 9. Bf4 Qa5 10. Nf3 Rd8 11. O-O Qb4 12. Bc4 Qxb3 13. Bxb3 Nb4 14. d6
exd6 15. Nb5 Ne8 16. Bg5 Bf6 17. Rfe1 Kg7 18. Bxf6+ Kxf6 19. a3 Nc6 20. Re3 Na5
21. Ba2 d5 22. Re5 Be6 23. Rae1 a6 24. Nc3 Nc7 25. Na4 Rd6 26. Nc5 b6 27. Nd3
Nc6 28. Nf4 Rad8 29. Nxe6 Nxe6 30. R5e3 Ncxd4 31. Ne5 Kg7 32. Rc1 h5 33. h3 h4
34. Rd1 Nf5 35. Rf3 f6 36. Ng4 d4 37. Bb1 Ng5 38. Rb3 Nh6 39. Nxh6 Kxh6 40. Bd3
Ne6 41. Rb4 Nc5 42. Rc4 f5 43. Bf1 a5 44. b4 axb4 45. Rxb4 Kg5 46. Bb5 d3 47.
Kf1 d2 48. Rc4 Rd5 49. Rc2 R8d6 50. a4 Ne6 51. Rb2 Rd4 52. g3 Nc5 53. Rc2 Ne4
54. Kg2 hxg3 55. fxg3 f4 56. g4 Kf6 57. h4 Ke5 58. Rc7 Rb4 59. Re7+ Kd4 60. Be2
Kc3 61. Bf3 Kc2 62. Rc7+ Nc3 63. Rh1 Kb2 64. h5 gxh5 65. gxh5 d1=Q 66. Bxd1
Nxd1 67. h6 Rg6+ 68. Kf3 Rg3+ 69. Ke2 Nc3+ 70. Kf1 Rxa4 0-1

[Event "Prva liga Centralne Srbije 2010"]
[Site "Valjevo"]
[Date "2010.09.23"]
[Round "8.1"]
[White "Dudukovic, Nikola"]
[Black "Boskovic, Drasko"]
[Result "1/2-1/2"]
[WhiteElo "2237"]
[BlackElo "2417"]
[PlyCount "105"]
[EventDate "2010.09.18"]

1. e4 c5 2. Nc3 Nc6 3. g3 g6 4. Bg2 Bg7 5. Nge2 d6 6. d3 e6 7. O-O Nge7 8. Be3
Nd4 9. Qd2 O-O 10. f4 Rb8 11. Nd1 b5 12. Nc1 b4 13. c3 Ndc6 14. e5 dxe5 15.
Bxc5 Bb7 16. fxe5 bxc3 17. bxc3 Nxe5 18. Bxa7 Bxg2 19. Qxg2 Rc8 20. d4 Nd7 21.
Nb3 Rc7 22. Bc5 Nxc5 23. dxc5 Nf5 24. Kh1 h5 25. Rc1 Qg5 26. Rc2 Rd8 27. Rd2
Re8 28. Re2 Rd8 29. Rd2 Rb8 30. Rd3 Bf8 31. Qf2 Rbc8 32. Qf4 Qxf4 33. Rxf4 Bxc5
34. Rc4 Ba7 35. Rxc7 Rxc7 36. Kg2 e5 37. Nd2 Kg7 38. Rd5 Be3 39. Nf1 Bg5 40.
Rxe5 Bf6 41. Re2 Bxc3 42. Rc2 Ba5 43. Rxc7 Bxc7 44. Nfe3 Nd4 45. Nc3 f5 46. a4
Kf7 47. Nb5 Nxb5 48. axb5 Ke6 49. h3 Bb6 50. Kf3 g5 51. g4 hxg4+ 52. Nxg4 fxg4+
53. Kxg4 1/2-1/2

[Event "Prva liga Centralne Srbije 2010"]
[Site "Valjevo"]
[Date "2010.09.23"]
[Round "8.1"]
[White "Stankovic, Milos"]
[Black "Djokic, Nebojsa"]
[Result "1-0"]
[WhiteElo "2315"]
[BlackElo "2198"]
[PlyCount "109"]
[EventDate "2010.09.18"]

1. e4 c5 2. Nf3 Nc6 3. d4 cxd4 4. Nxd4 Nf6 5. Nc3 e5 6. Ndb5 d6 7. Bg5 a6 8.
Na3 b5 9. Nd5 Be7 10. Bxf6 Bxf6 11. c4 b4 12. Nc2 Rb8 13. b3 Bg5 14. g3 O-O 15.
h4 Bh6 16. Bh3 Be6 17. Kf1 a5 18. Kg2 Ne7 19. Nxe7+ Qxe7 20. Qd3 Qc7 21. Bf5
Qc5 22. Rad1 Rb6 23. Qe2 a4 24. Rd3 Ra8 25. Bxe6 fxe6 26. Qg4 Re8 27. Rhd1 axb3
28. axb3 Ra6 29. Ra1 Rxa1 30. Nxa1 Bc1 31. Nc2 Bb2 32. Rf3 Bc3 33. h5 Qc7 34.
h6 g6 35. Qg5 Qd8 36. Qe3 Qc7 37. Qg5 Qd8 38. Qg4 Qe7 39. Rd3 Rd8 40. Qe2 Qa7
41. Qg4 Qe7 42. c5 Kf7 43. Qf3+ Ke8 44. cxd6 Rxd6 45. Rxd6 Qxd6 46. Qf6 Qe7 47.
Qh8+ Kd7 48. Ne3 Bd4 49. Ng4 Qg5 50. Nf6+ Kc6 51. Qc8+ Kb5 52. Qb7+ Ka5 53. Nd7
Qd8 54. Nb8 Qd6 55. Nc6+ 1-0

[Event "Prva liga Centralne Srbije 2010"]
[Site "Valjevo"]
[Date "2010.09.23"]
[Round "8.1"]
[White "Zivanovic, Nenad"]
[Black "Krstic, Petar"]
[Result "1/2-1/2"]
[WhiteElo "2187"]
[BlackElo "2347"]
[PlyCount "136"]
[EventDate "2010.09.18"]

1. e4 c5 2. Nc3 Nc6 3. g3 Nf6 4. Bg2 d6 5. d3 g6 6. f4 Bg7 7. Nf3 O-O 8. h3 e5
9. fxe5 dxe5 10. O-O h6 11. Be3 b6 12. Qd2 g5 13. Ne1 Nd4 14. Kh2 Be6 15. Nd1
Qd7 16. c3 Nc6 17. Nf2 Kh7 18. a3 Rad8 19. Qe2 c4 20. Rd1 cxd3 21. Nexd3 Qc8
22. b4 Bc4 23. Qc2 Qe6 24. Rd2 Kg8 25. Re1 Rd6 26. Nb2 Rxd2 27. Bxd2 Bb3 28.
Qc1 Rc8 29. Be3 Nd4 30. Nbd1 Ne8 31. Qb2 Nb5 32. Bd2 Ned6 33. Ne3 a5 34. Rb1 a4
35. Rc1 Nc4 36. Nxc4 Bxc4 37. Be3 Qc6 38. Bd2 Nd6 39. Ra1 Ba6 40. Be1 Bb7 41.
Bh1 Nc4 42. Qe2 Rd8 43. Ra2 Ba6 44. Ra1 Bb5 45. Qa2 Ne3 46. Kg1 Rd6 47. Bd2 Nc4
48. Be1 Qd7 49. Rc1 Kf8 50. Bg2 Qc6 51. Rd1 Rxd1 52. Nxd1 h5 53. Bf2 g4 54.
hxg4 hxg4 55. Ne3 Nxe3 56. Bxe3 Qxc3 57. Bxb6 Bc4 58. Qf2 Qc1+ 59. Kh2 Qh6+ 60.
Kg1 Qc1+ 61. Kh2 Kg8 62. Qc5 Bf8 63. Qc7 Qh6+ 64. Kg1 Bb5 65. Bc5 Qc1+ 66. Kh2
Qh6+ 67. Kg1 Qc1+ 68. Kh2 Qh6+ 1/2-1/2

[Event "Prva liga Centralne Srbije 2010"]
[Site "Valjevo"]
[Date "2010.09.23"]
[Round "8.1"]
[White "Misailovic, Nebojsa"]
[Black "Ilic, Aleksandar"]
[Result "0-1"]
[WhiteElo "2303"]
[BlackElo "2144"]
[PlyCount "160"]
[EventDate "2010.09.18"]

1. Nf3 d5 2. g3 Nf6 3. Bg2 e6 4. O-O b6 5. c4 Bb7 6. cxd5 exd5 7. d4 h6 8. Ne5
Bd6 9. Qa4+ c6 10. Nc3 b5 11. Qb3 O-O 12. e4 b4 13. exd5 Ba6 14. dxc6 Bxf1 15.
c7 Bxc7 16. Bxa8 bxc3 17. Kxf1 Na6 18. Bb7 Qxd4 19. bxc3 Qxe5 20. Bxa6 Ba5 21.
Bf4 Qf5 22. Kg1 Bb6 23. Qb5 Qc2 24. Qe2 Qxc3 25. Be5 Bxf2+ 26. Kf1 Bd4 27. Bxd4
Qxd4 28. Rd1 Qb6 29. Qb5 Qe6 30. Qe2 Qf5+ 31. Qf2 Qa5 32. Bc4 Rd8 33. Rxd8+
Qxd8 34. Kg2 Qc7 35. Bb3 Ng4 36. Qf3 Ne5 37. Qe4 g6 38. Qa8+ Kg7 39. Qe4 f5 40.
Qd5 Qc6 41. Qxc6 Nxc6 42. Kf2 Kf6 43. Ke3 Ke5 44. Bf7 g5 45. Be8 Nd4 46. a4 f4+
47. gxf4+ gxf4+ 48. Kd3 Ne6 49. a5 Nd4 50. Ba4 Nf3 51. h3 Ng5 52. h4 Nf3 53. h5
Nd4 54. a6 Nf5 55. Bd1 Nd4 56. Bg4 Nb3 57. Kc4 Nd2+ 58. Kc5 f3 59. Kc6 f2 60.
Be2 Nb3 61. Kb7 Kd6 62. Kxa7 Kc7 63. Bf1 Nc5 64. Be2 Ne4 65. Ka8 Ng3 66. Bd3
Nxh5 67. Bf1 Nf6 68. Be2 h5 69. Bf1 h4 70. Bg2 Nd5 71. Bf1 Nb4 72. Ka7 Nc6+ 73.
Ka8 Kb6 74. Bh3 Kxa6 75. Bg2 Kb6 76. Bh3 Kc7 77. Bf1 Ne7 78. Ka7 Ng6 79. Ka6
Nf4 80. Kb5 h3 0-1

[Event "Prva liga Centralne Srbije 2010"]
[Site "Valjevo"]
[Date "2010.09.23"]
[Round "8.1"]
[White "Madjar, Stanislav"]
[Black "Civric, Zdravko"]
[Result "1/2-1/2"]
[WhiteElo "2145"]
[BlackElo "2204"]
[PlyCount "235"]
[EventDate "2010.09.18"]

1. c4 Nf6 2. Nc3 g6 3. Nf3 Bg7 4. g3 d6 5. Bg2 O-O 6. O-O e5 7. d3 Nc6 8. Bg5
h6 9. Bxf6 Bxf6 10. Rb1 a5 11. a3 Be6 12. b4 axb4 13. axb4 Ne7 14. e4 c6 15. b5
d5 16. Qe2 dxc4 17. dxc4 Ra3 18. Rfc1 Qa5 19. Nd1 Nc8 20. bxc6 bxc6 21. c5 Na7
22. Ne3 Nb5 23. Nc4 Bxc4 24. Qxc4 Rd8 25. Qb4 Qxb4 26. Rxb4 Rdd3 27. Ne1 Rdc3
28. Rc4 Rxc4 29. Rxc4 Ra1 30. Kf1 Bd8 31. Ke2 Nd4+ 32. Rxd4 exd4 33. e5 Rc1 34.
Nd3 Rc2+ 35. Kd1 Rc3 36. Ke2 Be7 37. Bxc6 Bxc5 38. Bb5 Kf8 39. Kf3 Rc2 40. h4
Ke7 41. Ke4 Ke6 42. Nf4+ Ke7 43. Nd3 Rc3 44. Kd5 Bb6 45. Ke4 Rb3 46. Bc4 Rb1
47. Ba6 Ba7 48. Bc4 f5+ 49. exf6+ Kxf6 50. Ba6 Ra1 51. Bb5 Ra2 52. Kf3 Bb8 53.
Bc4 Rc2 54. Bb5 Rc8 55. Ke4 Rd8 56. Ba4 Ba7 57. Bb5 Rb8 58. Ba4 Rb7 59. Bc6
Re7+ 60. Kf4 Bb8+ 61. Kf3 Bd6 62. Bd5 Kf5 63. Bc6 g5 64. hxg5 hxg5 65. g4+ Kf6
66. Bb5 Kg7 67. Bc4 Kf8 68. Bb5 Kg7 69. Ba4 Kf6 70. Bb3 Re8 71. Bd5 Ba3 72. Bc4
Kg7 73. Bd5 Re7 74. Bc4 Kf8 75. Bb5 Re6 76. Bc4 Re7 77. Bb5 Bd6 78. Bc6 Bc7 79.
Bb5 Bb6 80. Ba4 Rf7+ 81. Ke2 Ra7 82. Bb3 Ke7 83. Kf3 Kd6 84. Bc4 Re7 85. Bb3
Rc7 86. Bg8 Rc8 87. Ba2 Rh8 88. Bc4 Kc6 89. Ke2 Bc7 90. Kf3 Bf4 91. Ke4 Kd6 92.
Kf3 Rc8 93. Bf7 Be5 94. Ba2 Ra8 95. Bc4 Ra4 96. Bg8 Ra3 97. Ke4 Bg7 98. Bc4 Rc3
99. Bf7 Rc7 100. Bg8 Be5 101. Ba2 Rc2 102. Bg8 Re2+ 103. Kf3 Rd2 104. Ke4 Rc2
105. Bf7 Bf6 106. Bg8 Bd8 107. Bb3 Re2+ 108. Kf3 Rd2 109. Ke4 Ba5 110. Bg8 Re2+
111. Kf3 Rc2 112. Bf7 Kc6 113. Bg8 Kb5 114. Bd5 Ka4 115. Bg8 Rd2 116. Bc4 Bc3
117. Ke4 Rd1 118. Kf3 1/2-1/2

[Event "Prva liga Centralne Srbije 2010"]
[Site "Valjevo"]
[Date "2010.09.23"]
[Round "8.2"]
[White "Iotov, Valentin"]
[Black "Savicevic, Vlatko"]
[Result "1-0"]
[WhiteElo "2588"]
[BlackElo "2353"]
[PlyCount "53"]
[EventDate "2010.09.18"]

1. d4 d5 2. Nf3 Nf6 3. c4 e6 4. Nc3 Be7 5. Bf4 O-O 6. e3 c5 7. dxc5 Bxc5 8. a3
Nc6 9. Qc2 Qa5 10. Rd1 Be7 11. Be2 dxc4 12. Bxc4 a6 13. O-O Nh5 14. Bd6 Bxd6
15. Rxd6 Nf6 16. Rfd1 Ne5 17. Be2 Rb8 18. Ng5 Qc7 19. Qb1 h6 20. Nge4 Nxe4 21.
Qxe4 Ng6 22. h4 b5 23. h5 Ne7 24. Bd3 Nf5 25. Rc6 Qb7 26. g4 Bd7 27. Rc5 1-0

[Event "Prva liga Centralne Srbije 2010"]
[Site "Valjevo"]
[Date "2010.09.23"]
[Round "8.2"]
[White "Simic, Dragisa"]
[Black "Nestorovic, Nikola"]
[Result "0-1"]
[WhiteElo "2348"]
[BlackElo "2420"]
[PlyCount "80"]
[EventDate "2010.09.18"]

1. e4 e5 2. Nf3 Nc6 3. Bb5 a6 4. Bxc6 dxc6 5. O-O f6 6. d4 exd4 7. Nxd4 c5 8.
Ne2 Qxd1 9. Rxd1 Bd7 10. Bf4 O-O-O 11. Nbc3 Ne7 12. f3 Re8 13. Rd2 Bc6 14. Rad1
b6 15. Bg3 g5 16. Nd5 Bxd5 17. exd5 Nf5 18. Bf2 h5 19. Ng3 Nd6 20. Re2 Rxe2 21.
Nxe2 h4 22. h3 f5 23. Be3 Be7 24. b3 Bf6 25. c4 Re8 26. Kf2 Kb7 27. a4 f4 28.
Bd2 Nf5 29. Bc1 c6 30. dxc6+ Kxc6 31. Rd3 Bd4+ 32. Kf1 b5 33. axb5+ axb5 34.
cxb5+ Kxb5 35. Bd2 Ng3+ 36. Nxg3 hxg3 37. h4 gxh4 38. Bxf4 Ra8 39. Be3 Ra1+ 40.
Ke2 h3 0-1

[Event "Prva liga Centralne Srbije 2010"]
[Site "Valjevo"]
[Date "2010.09.23"]
[Round "8.2"]
[White "Todorovic, Jovan"]
[Black "Adzic, Momcilo"]
[Result "1-0"]
[WhiteElo "2417"]
[BlackElo "2269"]
[PlyCount "53"]
[EventDate "2010.09.18"]

1. e4 d5 2. exd5 Qxd5 3. Nc3 Qd6 4. d4 c6 5. Nf3 Nf6 6. Ne5 e6 7. Bf4 Qd8 8.
Qf3 Bb4 9. O-O-O Bxc3 10. Qxc3 Nd5 11. Qg3 Nxf4 12. Qxf4 Qc7 13. Be2 a5 14. Rd3
Qe7 15. g4 Nd7 16. Rh3 Nxe5 17. dxe5 a4 18. a3 b5 19. Rd1 Rb8 20. Rd6 c5 21. g5
b4 22. Bd3 c4 23. Bxc4 bxa3 24. Rxa3 Qb7 25. g6 fxg6 26. Bxe6 Rf8 27. Rd8+ 1-0

[Event "Prva liga Centralne Srbije 2010"]
[Site "Valjevo"]
[Date "2010.09.23"]
[Round "8.2"]
[White "Rajevic, Gavrilo"]
[Black "Stamenkovic, Dragan"]
[Result "1/2-1/2"]
[WhiteElo "2286"]
[BlackElo "2370"]
[PlyCount "144"]
[EventDate "2010.09.18"]

1. e4 c5 2. Nf3 Nc6 3. d4 cxd4 4. Nxd4 g6 5. c4 Nf6 6. Nc3 d6 7. Be2 Nxd4 8.
Qxd4 Bg7 9. O-O O-O 10. Qd3 Be6 11. Be3 Qa5 12. Bd4 Rfc8 13. b3 a6 14. f4 Rab8
15. f5 Bd7 16. Rac1 Bc6 17. a4 Nd7 18. Bxg7 Kxg7 19. Nd5 Bxd5 20. exd5 Ne5 21.
Qd4 f6 22. fxg6 hxg6 23. Qe3 b6 24. h3 Qc5 25. Qxc5 Rxc5 26. b4 Rc7 27. c5 dxc5
28. bxc5 bxc5 29. Bxa6 c4 30. Bb5 Rd8 31. Rfd1 Rc5 32. Rc2 e6 33. d6 Rd5 34.
Rdc1 R5xd6 35. Bxc4 Rd1+ 36. Bf1 Rxc1 37. Rxc1 Rd5 38. Ra1 Ra5 39. Bb5 f5 40.
Kf2 f4 41. Ke2 Kf6 42. Kd2 Ke7 43. Kc3 Kd6 44. Kb4 Ra8 45. Rd1+ Kc7 46. Kc5 g5
47. Rd6 f3 48. gxf3 Rf8 49. Rxe6 Nxf3 50. Re7+ Kb8 51. a5 Rc8+ 52. Kb6 Nd4 53.
Ba4 Rh8 54. Re8+ Rxe8 55. Bxe8 Nf5 56. a6 Ne7 57. Bd7 Nd5+ 58. Kc5 Nf4 59. Kb6
Nd5+ 60. Kc6 Nb4+ 61. Kb5 Nxa6 62. Kxa6 Kc7 63. Bg4 Kd6 64. Kb6 Ke7 65. Kc6 Kf6
66. Kd6 Kf7 67. Ke5 Kg6 68. Ke6 Kg7 69. Kf5 Kf7 70. Bf3 Kg7 71. Bd5 Kh7 72. Kf6
Kh8 1/2-1/2

[Event "Prva liga Centralne Srbije 2010"]
[Site "Valjevo"]
[Date "2010.09.23"]
[Round "8.2"]
[White "Mihic, Bojan"]
[Black "Rasic, Goran"]
[Result "1-0"]
[WhiteElo "2413"]
[BlackElo "2219"]
[PlyCount "69"]
[EventDate "2010.09.18"]

1. Nf3 Nf6 2. c4 g6 3. Nc3 Bg7 4. e4 d6 5. d4 O-O 6. Be2 e5 7. O-O Nc6 8. d5
Nb8 9. b4 a5 10. bxa5 Rxa5 11. Nd2 c5 12. dxc6 bxc6 13. Nb3 Ra8 14. a4 c5 15.
Nb5 Ra6 16. f3 Qe7 17. Qd3 Ne8 18. Rd1 Be6 19. Be3 Nc6 20. Nxd6 Nb4 21. Qc3
Rxd6 22. Bxc5 Na6 23. Bxd6 Nxd6 24. c5 Nxe4 25. fxe4 Bxb3 26. Qxb3 Nxc5 27. Qe3
Ne6 28. a5 Nd4 29. Ra2 Bf6 30. a6 Qa7 31. Kh1 Bd8 32. Bc4 Bb6 33. Qg5 Qc7 34.
Bd5 Nb5 35. Rc1 1-0

[Event "Prva liga Centralne Srbije 2010"]
[Site "Valjevo"]
[Date "2010.09.23"]
[Round "8.2"]
[White "Pavlovic, Nebojsa"]
[Black "Nestorovic, Lazar"]
[Result "1-0"]
[WhiteElo "2333"]
[BlackElo "2335"]
[PlyCount "61"]
[EventDate "2010.09.18"]

1. e4 c5 2. Nf3 e6 3. d4 cxd4 4. Nxd4 Nf6 5. Nc3 d6 6. Be3 Nc6 7. Qe2 a6 8.
O-O-O Be7 9. g4 h5 10. gxh5 Rxh5 11. f4 Qc7 12. Bg2 Bd7 13. Bf3 Rh8 14. Qf2 Rc8
15. Kb1 b5 16. Rhg1 b4 17. Nce2 g6 18. Ng3 Nxd4 19. Bxd4 e5 20. Bb6 Qc4 21. f5
gxf5 22. exf5 e4 23. Rd4 Qb5 24. Nxe4 Bxf5 25. Nxd6+ Bxd6 26. Rxd6 b3 27. Qe3+
Kf8 28. Rd8+ Ne8 29. Rxc8 bxc2+ 30. Kc1 Bxc8 31. Bc5+ 1-0

[Event "Prva liga Centralne Srbije 2010"]
[Site "Valjevo"]
[Date "2010.09.23"]
[Round "8.3"]
[White "Djukic, Zeljko"]
[Black "Simantsev, Mikhail"]
[Result "1/2-1/2"]
[WhiteElo "2382"]
[BlackElo "2541"]
[PlyCount "114"]
[EventDate "2010.09.18"]

1. d4 Nf6 2. c4 e6 3. Nc3 Bb4 4. Bd2 O-O 5. a3 Bxc3 6. Bxc3 Ne4 7. Qc2 Nxc3 8.
Qxc3 b6 9. Nf3 Bb7 10. g3 d6 11. Bg2 Nd7 12. O-O Qe7 13. Ne1 Bxg2 14. Nxg2 c5
15. dxc5 Nxc5 16. Rfd1 Rac8 17. Rd4 Rc6 18. Rad1 Rfc8 19. Ne3 g6 20. b4 e5 21.
Rd5 Ne6 22. b5 Nd4 23. R1xd4 exd4 24. Qxd4 Rc5 25. Rxd6 Qe5 26. Qxe5 Rxe5 27.
a4 Rc7 28. a5 bxa5 29. Ra6 Rxe3 30. fxe3 Rxc4 31. Rxa7 a4 32. Kf2 Rb4 33. Kf3
Rxb5 34. Rxa4 Rb2 35. h4 h5 36. Ra3 Kg7 37. e4 Rb5 38. Rd3 Kf6 39. Kf4 Ke6 40.
Ra3 Rb4 41. Ra6+ Ke7 42. Kf3 Rb5 43. Kf4 Rb4 44. Ra5 Kf6 45. Kf3 Ke6 46. e5 Kf5
47. e4+ Ke6 48. Kf4 Rb3 49. Ra6+ Ke7 50. e6 f5 51. Ra7+ Kxe6 52. exf5+ gxf5 53.
Ra6+ Kf7 54. Rh6 Rb4+ 55. Kf3 Rb3+ 56. Kg2 f4 57. gxf4 Rb2+ 1/2-1/2

[Event "Prva liga Centralne Srbije 2010"]
[Site "Valjevo"]
[Date "2010.09.23"]
[Round "8.3"]
[White "Milenkovic, Mladen"]
[Black "Andonov, Bogomil"]
[Result "1/2-1/2"]
[WhiteElo "2406"]
[BlackElo "2304"]
[PlyCount "50"]
[EventDate "2010.09.18"]

1. e4 c5 2. Nf3 Nc6 3. d4 cxd4 4. Nxd4 e6 5. Nc3 Qc7 6. Be3 Nf6 7. Ndb5 Qb8 8.
Qd2 a6 9. Nd4 Bb4 10. f3 b5 11. Nxc6 dxc6 12. O-O-O O-O 13. g4 e5 14. Qf2 Be6
15. Kb1 Bxc3 16. bxc3 Nd7 17. Bc5 Re8 18. Be2 Qc7 19. Kb2 a5 20. a3 Qb7 21. Rb1
Nxc5 22. Qxc5 Qe7 23. Qxe7 Rxe7 24. Rhd1 Rd7 25. Rxd7 Bxd7 {... (59)} 1/2-1/2

[Event "Prva liga Centralne Srbije 2010"]
[Site "Valjevo"]
[Date "2010.09.23"]
[Round "8.3"]
[White "Mitrovic, Darko R"]
[Black "Brankovic, Dejan"]
[Result "1/2-1/2"]
[WhiteElo "2342"]
[BlackElo "2343"]
[PlyCount "49"]
[EventDate "2010.09.18"]

1. e4 Nf6 2. e5 Nd5 3. d4 d6 4. c4 Nb6 5. exd6 exd6 6. h3 Be7 7. Nf3 Nc6 8. Be2
O-O 9. O-O Bf6 10. d5 Ne5 11. Qc2 Nxf3+ 12. Bxf3 Re8 13. Be3 Bd7 14. Nd2 Ba4
15. Qc1 Bg5 16. Bxg5 Qxg5 17. Ne4 Qh4 18. b3 Bd7 19. Ng3 Qf6 20. Nh5 Qg6 21.
Nf4 Qh6 22. Nd3 Qg6 23. Nf4 Qh6 24. Nd3 Qg6 25. Nf4 1/2-1/2

[Event "Prva liga Centralne Srbije 2010"]
[Site "Valjevo"]
[Date "2010.09.23"]
[Round "8.3"]
[White "Kostic, Nebojsa"]
[Black "Milosevic, Aleksandar"]
[Result "1/2-1/2"]
[WhiteElo "2338"]
[BlackElo "2254"]
[PlyCount "47"]
[EventDate "2010.09.18"]

1. d4 Nf6 2. Bg5 e6 3. e3 h6 4. Bh4 Be7 5. Nd2 b6 6. Ngf3 c5 7. c3 cxd4 8. exd4
Bb7 9. Bd3 O-O 10. Bxf6 Bxf6 11. Qe2 Nc6 12. O-O g6 13. a4 Bg7 14. Nc4 Ba6 15.
Nce5 Bxd3 16. Qxd3 Qc7 17. Rfe1 Rac8 18. Re3 Ne7 19. Nd2 d6 20. Nef3 Rfe8 21.
Nf1 Qb7 22. Ree1 a6 23. Ra3 Rc7 24. h4 1/2-1/2

[Event "Prva liga Centralne Srbije 2010"]
[Site "Valjevo"]
[Date "2010.09.23"]
[Round "8.3"]
[White "Cvetanovic, Uros"]
[Black "Stankovic, Dejan"]
[Result "0-1"]
[WhiteElo "2218"]
[BlackElo "2240"]
[PlyCount "70"]
[EventDate "2010.09.18"]

1. Nc3 Nf6 2. e4 e5 3. Bc4 Bb4 4. d3 c6 5. a3 Bxc3+ 6. bxc3 d5 7. exd5 cxd5 8.
Bb3 Qc7 9. Ne2 h6 10. O-O O-O 11. Bd2 Nc6 12. h3 Ne7 13. f4 e4 14. g4 Ng6 15.
Nd4 Re8 16. Qc1 b6 17. Be1 e3 18. Rf3 Nxf4 19. Rxe3 Bd7 20. Qd2 g5 21. Rf3 h5
22. gxh5 N6xh5 23. Qh2 Re5 24. Bd2 Rae8 25. Kh1 Re2 26. Nxe2 Rxe2 27. Rf2 Rxd2
28. Rxd2 Qxc3 29. Rg1 Qf6 30. Rg4 Bxg4 31. hxg4 Qa1+ 32. Qg1 Ng3+ 33. Kh2 Nf1+
34. Kh1 Nh3 35. Qg2 Ne3+ 0-1

[Event "Prva liga Centralne Srbije 2010"]
[Site "Valjevo"]
[Date "2010.09.23"]
[Round "8.4"]
[White "Solomunovic, Igor"]
[Black "Nestorovic, Dejan"]
[Result "1/2-1/2"]
[WhiteElo "2406"]
[BlackElo "2414"]
[PlyCount "88"]
[EventDate "2010.09.18"]

1. d4 Nf6 2. c4 g6 3. Nf3 Bg7 4. Nc3 d5 5. e3 O-O 6. Qb3 e6 7. Be2 b6 8. O-O
Bb7 9. Bd2 Nbd7 10. Rfd1 c5 11. cxd5 exd5 12. Rac1 Re8 13. dxc5 Nxc5 14. Qa3 a6
15. Be1 Bf8 16. b4 Ncd7 17. Qb3 Qe7 18. a3 b5 19. Rb1 Nb6 20. a4 bxa4 21. Nxa4
Nxa4 22. Qxa4 Ne4 23. Rbc1 Qd6 24. Nd4 Rec8 25. Bg4 Rc7 26. Rc2 h5 27. Be2 Rxc2
28. Qxc2 Rc8 29. Qb3 Qb6 30. b5 axb5 31. Qxb5 Qxb5 32. Bxb5 Nc3 33. Bxc3 Rxc3
34. Be2 Bg7 35. Bf3 Bxd4 36. Rxd4 Rc1+ 37. Rd1 Rxd1+ 38. Bxd1 h4 39. Bb3 g5 40.
f3 Kg7 41. Kf2 Kf6 42. g3 hxg3+ 43. hxg3 Ke5 44. f4+ gxf4 1/2-1/2

[Event "Prva liga Centralne Srbije 2010"]
[Site "Valjevo"]
[Date "2010.09.23"]
[Round "8.4"]
[White "Lapcevic, Milos"]
[Black "Vratonjic, Slobo"]
[Result "1/2-1/2"]
[WhiteElo "2421"]
[BlackElo "2404"]
[PlyCount "65"]
[EventDate "2010.09.18"]

1. d4 Nf6 2. c4 e6 3. Nc3 Bb4 4. Qc2 O-O 5. a3 Bxc3+ 6. Qxc3 b6 7. Bg5 d6 8. e3
Ba6 9. Ne2 Nbd7 10. Qc2 Qc8 11. Nc3 c5 12. Ne4 Nxe4 13. Qxe4 Re8 14. Rd1 h6 15.
Bh4 Bb7 16. Qb1 d5 17. cxd5 Bxd5 18. f3 cxd4 19. e4 Bb3 20. Rxd4 e5 21. Rd2 Qc6
22. Be2 Nc5 23. O-O a5 24. Rc1 a4 25. Qd3 f6 26. Bf2 Nxd3 27. Rxc6 Rac8 28.
Rxc8 Rxc8 29. Be3 Rc1+ 30. Bf1 Bc4 31. Rxd3 Rxf1+ 32. Kxf1 Bxd3+ 33. Ke1
1/2-1/2

[Event "Prva liga Centralne Srbije 2010"]
[Site "Valjevo"]
[Date "2010.09.23"]
[Round "8.4"]
[White "Rabrenovic, Vladan"]
[Black "Prelevic, Dusko"]
[Result "1-0"]
[WhiteElo "2384"]
[BlackElo "2342"]
[PlyCount "65"]
[EventDate "2010.09.18"]

1. d4 Nf6 2. c4 c5 3. d5 e6 4. Nc3 exd5 5. cxd5 d6 6. e4 g6 7. f3 Bg7 8. Nge2
O-O 9. Ng3 a6 10. a4 Qa5 11. Bd2 h5 12. Be2 h4 13. Nf1 Nh5 14. g4 hxg3 15. hxg3
Qd8 16. g4 Nf6 17. Bh6 Bxh6 18. Rxh6 Kg7 19. Qd2 Rh8 20. Rxh8 Qxh8 21. O-O-O
Qh4 22. Ne3 Nbd7 23. Nc4 Ne8 24. a5 Rb8 25. Na4 g5 26. Kb1 f6 27. Rf1 Ne5 28.
Nxe5 fxe5 29. Qc1 Kg6 30. Rh1 Qg3 31. Nb6 Qf4 32. Qxf4 exf4 33. Rh8 1-0

[Event "Prva liga Centralne Srbije 2010"]
[Site "Valjevo"]
[Date "2010.09.23"]
[Round "8.4"]
[White "Lazic, Dragoljub"]
[Black "Andrejic, Vladica"]
[Result "0-1"]
[WhiteElo "2319"]
[BlackElo "2163"]
[PlyCount "57"]
[EventDate "2010.09.18"]

1. e4 c5 2. Nf3 e6 3. d4 cxd4 4. Nxd4 Nc6 5. Nc3 Qc7 6. g3 a6 7. Bg2 d6 8. O-O
Bd7 9. a4 Be7 10. Nb3 Nf6 11. f4 h6 12. Be3 O-O 13. a5 Nh7 14. Na4 Be8 15. Nb6
Rd8 16. c4 f5 17. exf5 exf5 18. Nd5 Qd7 19. Bb6 Rc8 20. Re1 Bd8 21. Qd2 Nf6 22.
Bxd8 Rxd8 23. Nb6 Qc7 24. h3 Bf7 25. Nd4 Nxd4 26. Qxd4 Rfe8 27. b4 Rxe1+ 28.
Rxe1 Re8 29. Rd1 {belom zazvonio mobilni telefon} 0-1

[Event "Prva liga Centralne Srbije 2010"]
[Site "Valjevo"]
[Date "2010.09.23"]
[Round "8.5"]
[White "Radovanovic, Jovica"]
[Black "Milanovic, Slavisa"]
[Result "0-1"]
[WhiteElo "2305"]
[BlackElo "2389"]
[PlyCount "94"]
[EventDate "2010.09.18"]

1. e4 e6 2. d4 d5 3. e5 c5 4. c3 Qb6 5. Nf3 Nc6 6. Be2 cxd4 7. cxd4 Nh6 8. Nc3
Nf5 9. Na4 Bb4+ 10. Bd2 Qa5 11. Bc3 b5 12. a3 Bxc3+ 13. Nxc3 b4 14. axb4 Qxb4
15. Bb5 Bd7 16. Bxc6 Bxc6 17. Qd2 O-O 18. O-O a5 19. Rfc1 Rfc8 20. Rc2 Be8 21.
g4 Ne7 22. h4 h5 23. gxh5 Nf5 24. Qf4 Bd7 25. Kh2 Rc4 26. Rd2 a4 27. Ra3 Rac8
28. Ra2 Qb3 29. Ra3 Qb6 30. Ra2 Rb4 31. Nd1 Rc1 32. Ne3 Rb1 33. Qg5 Kf8 34.
Nxf5 exf5 35. h6 gxh6 36. Qf6 Qxf6 37. exf6 Rb6 38. Ne5 Be8 39. Nd3 Rxf6 40.
Nc5 Rg6 41. f3 Rgg1 42. Nxa4 f4 43. Nc3 Rh1+ 44. Kg2 Rbg1+ 45. Kf2 Bd7 46. Ra8+
Kg7 47. Rd8 Bh3 0-1

[Event "Prva liga Centralne Srbije 2010"]
[Site "Valjevo"]
[Date "2010.09.23"]
[Round "8.5"]
[White "Sandic, Vladeta"]
[Black "Pantelic, Sasa"]
[Result "0-1"]
[WhiteElo "2331"]
[BlackElo "2359"]
[PlyCount "104"]
[EventDate "2010.09.18"]

1. d4 Nf6 2. c4 g6 3. Nc3 Bg7 4. e4 d6 5. h3 O-O 6. Nf3 c5 7. d5 a6 8. a4 e5 9.
g4 Ne8 10. Bd3 Nd7 11. Be3 Ndf6 12. Nd2 b6 13. Be2 Nc7 14. h4 Rb8 15. h5 gxh5
16. gxh5 h6 17. Rg1 Kh7 18. Qc2 Rg8 19. O-O-O b5 20. axb5 axb5 21. cxb5 Bd7 22.
Qb3 Bxb5 23. Nxb5 Qd7 24. Nc3 Rxb3 25. Nxb3 c4 26. Bxc4 Nxh5 27. Kd2 Nf4 28.
Ra1 Bf6 29. Rh1 Bg5 30. Ra7 Ra8 31. Rb7 Qc8 32. Rb6 Ne8 33. Rc6 Qg4 34. Kc2 Qg2
35. Rf1 h5 36. Nd2 h4 37. f3 Nh3 38. Bxg5 Nxg5 39. Nd1 h3 40. Ne3 Qg3 41. Nf5
Qf4 42. Be2 Ng7 43. Nxg7 Kxg7 44. Nc4 Kg8 45. Rxd6 Kh7 46. Kd3 h2 47. Ne3 Rb8
48. Nf5 Rxb2 49. Rh6+ Kg8 50. Rd1 Nxf3 51. Ne7+ Kf8 52. Nf5 Ke8 0-1

[Event "Prva liga Centralne Srbije 2010"]
[Site "Valjevo"]
[Date "2010.09.23"]
[Round "8.5"]
[White "Sorgic, Dragan"]
[Black "Misic, Dragan"]
[Result "1/2-1/2"]
[WhiteElo "2289"]
[BlackElo "2300"]
[PlyCount "92"]
[EventDate "2010.09.18"]

1. e4 c6 2. d4 d5 3. Nc3 dxe4 4. Nxe4 Nd7 5. Bc4 Ngf6 6. Nxf6+ Nxf6 7. c3 e6 8.
Nf3 Qc7 9. Qe2 Be7 10. a4 O-O 11. O-O c5 12. dxc5 Bxc5 13. Ne5 Bd6 14. Bf4 Nd7
15. Nxd7 Bxd7 16. Bxd6 Qxd6 17. Rfd1 Qc7 18. Bd3 Bc6 19. Qh5 g6 20. Qg5 Rfd8
21. Bc2 Kg7 22. h4 h6 23. Qe3 h5 24. Rac1 b6 25. c4 Bb7 26. Be4 Bxe4 27. Qxe4
a5 28. b3 Qc5 29. Rd3 Rxd3 30. Qxd3 e5 31. Rd1 Re8 32. Qe3 Qxe3 33. fxe3 Kf6
34. Kf2 Ke6 35. Rd5 Rc8 36. Kf3 Rc5 37. Rd8 Rc6 38. g3 Rd6 39. Re8+ Kf5 40. e4+
Kf6 41. Ke3 Rd1 42. Rb8 Rd6 43. Re8 Rd1 44. Rc8 Ke6 45. Rb8 Rd6 46. Re8+ Kf6
1/2-1/2